000
00189nam a22000857a 4500
082
_a
425
100
_a
CBSE
245
_a
INTERACT IN ENGLISH TEACHERS BOOK FOR ENGLISH COMMUNICATIVE
942
_c
BK
999
_c
8458
_d
8458